[Event "PriFR-ch (Women) 10th"]
[Site "Perm"]
[Date "2011.01.05"]
[Round "3"]
[White "Dogodkina, Julia"]
[Black "Tupitsina, Evgenia"]
[Result "1-0"]
[WhiteElo "2070"]
[BlackElo "1939"]
[PlyCount "75"]
[EventDate "2011.01.04"]
[EventType "swiss"]
[EventRounds "9"]
[EventCountry "RUS"]
[SourceTitle "EXT 2022"]
[Source "ChessBase"]
[SourceDate "2021.10.06"]
[SourceVersion "1"]
[SourceVersionDate "2021.10.06"]
[SourceQuality "1"]

1. e4 d5 2. exd5 Nf6 3. Nf3 Nxd5 4. d4 g6 5. c4 Nb6 6. Nc3 Bg7 7. h3 0-0 8. Be3 Nc6 9. Be2 e5 10. d5 Ne7 11. 0-0 f5 12. Bc5 Re8 13. Nb5 a6 14. Nc3 Nd7 15. Ba3 e4 16. Nd4 Ne5 17. f3 exf3 18. Nxf3 Nf7 19. Bc5 b6 20. Bd4 c6 21. Bxg7 Kxg7 22. Qd4+ Kg8 23. Rad1 cxd5 24. cxd5 Bb7 25. Bc4 Nd6 26. Ng5 Qd7 27. Bb3 Nec8 28. Ne6 Qf7 29. g4 h6 30. Rd2 Kh7 31. Rg2 Rg8 32. Qe5 b5 33. a4 b4 34. Ne2 a5 35. N2d4 Ba6 36. Rf3 Ra7 37. gxf5 gxf5 38. Rfg3 1-0